[Event "IECC CL2-2015.01 email"]
[Site "IECC email"]
[Date "2015.01.29"]
[Round "?"]
[White "Ekengren, Olle"]
[Black "Canizares Cuadra, Pedro"]
[Result "0-1"]
[WhiteElo "2148"]
[BlackElo "2111"]
[PlyCount "116"]
[EventDate "2015.??.??"]
[EventType "tourn (corr)"]
[EventRounds "4"]
[SourceTitle "Corr 2020"]
[Source "ChessBase"]
[SourceDate "2019.09.30"]
[SourceVersion "1"]
[SourceVersionDate "2019.09.30"]
[SourceQuality "1"]
[WhiteTeam "Sweden"]
[BlackTeam "Spain"]
[WhiteTeamCountry "SWE"]
[BlackTeamCountry "ESP"]

1. d4 d5 2. c4 Bf5 3. Nf3 e6 4. Nc3 c6 5. e3 Nd7 6. Be2 h6 7. 0-0 Ngf6 8. Bd3 Bxd3 9. Qxd3 Be7 10. e4 dxe4 11. Nxe4 Qc7 12. Re1 0-0 13. Be3 Rac8 14. Rad1 Nxe4 15. Qxe4 Nf6 16. Qh4 Rfd8 17. Ne5 c5 18. Qg3 Ne4 19. Qf3 f5 20. Bxh6 Bd6 21. Bf4 cxd4 22. Ng6 Bxf4 23. Nxf4 Qxc4 24. Ng6 Qc7 25. Qh3 Kf7 26. Qh5 Nf6 27. Qg5 d3 28. Ne5+ Kg8 29. Nxd3 Qb6 30. h3 Rd7 31. Ne5 Rxd1 32. Rxd1 Qxb2 33. Ng6 Kf7 34. Re1 Qb4 35. Rd1 Qc5 36. Rf1 b5 37. Kh2 b4 38. f4 Qb5 39. Rb1 a5 40. Ne5+ Kg8 41. Ng6 Qe8 42. a3 Rb8 43. axb4 axb4 44. Rb3 Rb7 45. Kg1 Kh7 46. Ne5 Ne4 47. Qh4+ Kg8 48. Qe1 Nc3 49. Kh2 Nd5 50. Nd3 Qe7 51. Rb2 Qd6 52. g3 Rc7 53. Qd1 Ne3 54. Qe2 Rc3 55. Nxb4 g5 56. Qa6 Qxa6 57. Nxa6 gxf4 58. gxf4 Nd5 0-1

[Event "IECC CL2-2014.03 email"]
[Site "IECC email"]
[Date "2014.07.18"]
[Round "?"]
[White "Ekengren, Olle"]
[Black "Balleste, Orlando Peraza"]
[Result "1-0"]
[WhiteElo "2155"]
[BlackElo "1909"]
[PlyCount "69"]
[EventDate "2014.??.??"]
[EventType "tourn (corr)"]
[EventRounds "4"]
[SourceTitle "Corr 2020"]
[Source "ChessBase"]
[SourceDate "2019.09.30"]
[SourceVersion "1"]
[SourceVersionDate "2019.09.30"]
[SourceQuality "1"]
[WhiteTeam "Sweden"]
[BlackTeam "Cuba"]
[WhiteTeamCountry "SWE"]
[BlackTeamCountry "CUB"]

1. d4 Nf6 2. c4 g6 3. g3 d5 4. cxd5 c6 5. Nf3 cxd5 6. Bg2 Bg7 7. 0-0 Qb6 8. Nc3 Nc6 9. Na4 Qb5 10. Ne5 0-0 11. Nc3 Qb6 12. b3 Bf5 13. Bg5 Qa5 14. Nxc6 bxc6 15. Qd2 Rfd8 16. Rac1 Rac8 17. h3 h5 18. Rfd1 Qa3 19. Bh6 Bxh6 20. Qxh6 Qd6 21. Na4 Qe6 22. Nc5 Qxe2 23. Rd2 Qb5 24. f3 Ra8 25. g4 Bc8 26. Re1 Re8 27. Re5 hxg4 28. hxg4 Qb4 29. Bf1 Nh7 30. Ree2 Nf8 31. Rh2 f6 32. f4 f5 33. Qh8+ Kf7 34. g5 Rb8 35. Rd3 1-0

[Event "IECG CM.2008.0.00318 email"]
[Site "IECG email"]
[Date "2008.03.09"]
[Round "?"]
[White "Ekengren, Olle"]
[Black "Greco, Carmelo"]
[Result "1/2-1/2"]
[WhiteElo "2289"]
[BlackElo "2201"]
[PlyCount "84"]
[EventDate "2008.03.09"]
[EventType "tourn (corr)"]
[EventRounds "6"]
[SourceTitle "Corr 2024"]
[Source "ChessBase"]
[SourceDate "2023.10.19"]
[SourceVersion "1"]
[SourceVersionDate "2023.10.19"]
[SourceQuality "1"]

1. d4 Nf6 2. c4 e6 3. Nc3 Bb4 4. e3 0-0 5. Nf3 c5 6. Bd3 d5 7. 0-0 Nc6 8. a3 Bxc3 9. bxc3 Qc7 10. cxd5 exd5 11. Nh4 c4 12. Bc2 Re8 13. f3 Na5 14. Re1 Qc6 15. Rb1 Nb3 16. Bd2 Nxd2 17. Qxd2 a6 18. Re2 Bd7 19. Rbe1 Qd6 20. a4 b5 21. e4 dxe4 22. fxe4 Qa3 23. Re3 Qe7 24. Nf3 b4 25. cxb4 Rab8 26. Ne5 Qxb4 27. Qxb4 Rxb4 28. Nxd7 Nxd7 29. Kf2 a5 30. Kf3 Rc8 31. Rc3 Nb6 32. g4 h6 33. h4 Kf8 34. Ra1 Ke7 35. Ke3 f6 36. Rf1 g6 37. d5 Nd7 38. Kd4 g5 39. hxg5 hxg5 40. Rh1 Rb2 41. Rh7+ Kd6 42. Rh6 Rf8 1/2-1/2

[Event "IECG CM.2008.0.00318 email"]
[Site "IECG email"]
[Date "2008.03.09"]
[Round "?"]
[White "Van Seben, Edgar"]
[Black "Ekengren, Olle"]
[Result "1/2-1/2"]
[WhiteElo "2302"]
[BlackElo "2289"]
[PlyCount "55"]
[EventDate "2008.03.09"]
[EventType "tourn (corr)"]
[EventRounds "6"]
[SourceTitle "Corr 2024"]
[Source "ChessBase"]
[SourceDate "2023.10.19"]
[SourceVersion "1"]
[SourceVersionDate "2023.10.19"]
[SourceQuality "1"]

1. d4 Nf6 2. c4 g6 3. Nc3 Bg7 4. e4 d6 5. f4 c5 6. d5 0-0 7. Nf3 e6 8. Be2 exd5 9. cxd5 Re8 10. e5 dxe5 11. fxe5 Ng4 12. 0-0 Nxe5 13. Bf4 Nbd7 14. d6 Nxf3+ 15. Bxf3 Ne5 16. Kh1 Rb8 17. Bd5 Be6 18. Ne4 b6 19. Bxe6 Rxe6 20. Qb3 h6 21. Bxe5 Bxe5 22. Rxf7 Qh4 23. h3 Kxf7 24. Rf1+ Bf4 25. Qc4 b5 26. Qd5 Rd8 27. a4 a6 28. axb5 1/2-1/2

[Event "IECG CM.2000.0.00124"]
[Site "IECG email"]
[Date "2000.12.07"]
[Round "?"]
[White "Schulze, Michael"]
[Black "Ekengren, Olle"]
[Result "0-1"]
[WhiteElo "2396"]
[BlackElo "2360"]
[PlyCount "112"]
[EventDate "2000.12.07"]
[EventType "tourn (corr)"]
[EventRounds "6"]
[SourceTitle "Corr 2008"]
[Source "ChessBase"]
[SourceDate "2008.06.24"]
[SourceVersion "1"]
[SourceVersionDate "2008.06.24"]
[SourceQuality "1"]

1. e4 e6 2. d4 d5 3. Nc3 Bb4 4. a3 Bxc3+ 5. bxc3 dxe4 6. Qg4 Nf6 7. Qxg7 Rg8 8. Qh6 c5 9. Bb2 Bd7 10. Ne2 Bc6 11. Ng3 Rg6 12. Qd2 Qb6 13. 0-0-0 Nbd7 14. Bc4 0-0-0 15. Rhe1 h5 16. h4 Rg4 17. Be2 Rxh4 18. Qg5 Rh2 19. Nxh5 Nxh5 20. Bxh5 f6 21. Qg4 f5 22. Qg5 Bd5 23. Be2 cxd4 24. c4 Bc6 25. Bxd4 Qa5 26. Bb2 Qc5 27. Qg3 Rh7 28. Rd2 e5 29. Red1 Rhh8 30. Qg5 Rdf8 31. Qg6 Qxf2 32. Rxd7 Bxd7 33. Qd6 Qe3+ 34. Kb1 Rd8 35. Bxe5 Qb6+ 36. Qxb6 axb6 37. Bxh8 Rxh8 38. Kb2 Rh2 39. Rg1 Kc7 40. Kc3 Kd6 41. Kd4 Bc6 42. c3 Ke6 43. Bd1 f4 44. Bc2 Kf5 45. Rb1 Rxg2 46. Bxe4+ Bxe4 47. Rb5+ Kg4 48. Kxe4 Re2+ 49. Kd3 Re6 50. Rd5 f3 51. Rd7 f2 52. Rf7 Kg3 53. Rg7+ Kh2 54. Rf7 Kg1 55. Rg7+ Kf1 56. Kd2 Rh6 0-1

[Event "IECG CM.2000.0.00103"]
[Site "IECG email"]
[Date "2000.??.??"]
[Round "?"]
[White "Ekengren, Olle"]
[Black "Noomen, Jeroen"]
[Result "0-1"]
[WhiteElo "2362"]
[BlackElo "2478"]
[PlyCount "62"]
[EventDate "2000.03.20"]
[EventType "tourn (corr)"]
[EventRounds "6"]
[SourceTitle "Corr 2008"]
[Source "ChessBase"]
[SourceDate "2008.06.24"]
[SourceVersion "1"]
[SourceVersionDate "2008.06.24"]
[SourceQuality "1"]

1. d4 d5 2. c4 c6 3. Nc3 Nf6 4. Nf3 dxc4 5. a4 Bf5 6. Ne5 e6 7. Nxc4 c5 8. dxc5 Qxd1+ 9. Nxd1 Nc6 10. Be3 Nb4 11. Na3 Rc8 12. Rc1 Be7 13. Rc4 Nc6 14. Nb5 0-0 15. Nd4 Be4 16. f3 Bd5 17. Nxc6 Rxc6 18. Rc3 Nd7 19. Bf2 f5 20. Ne3 Bxc5 21. Nxd5 exd5 22. Rb3 a5 23. Bxc5 Nxc5 24. Rb5 b6 25. b4 axb4 26. Rxb4 Ra8 27. Rd4 Nxa4 28. Rxd5 Nc3 29. Rxf5 Ra1+ 30. Kd2 Rd1+ 31. Ke3 b5 0-1

[Event "IECG CM.1999.0.00079"]
[Site "IECG email"]
[Date "1999.??.??"]
[Round "?"]
[White "Borst, John C"]
[Black "Ekengren, Olle"]
[Result "0-1"]
[WhiteElo "1922"]
[BlackElo "2362"]
[PlyCount "94"]
[EventDate "1999.05.11"]
[EventType "tourn (corr)"]
[EventRounds "6"]
[SourceTitle "Corr 2008"]
[Source "ChessBase"]
[SourceDate "2008.06.24"]
[SourceVersion "1"]
[SourceVersionDate "2008.06.24"]
[SourceQuality "1"]

1. e4 e6 2. d4 d5 3. Nc3 Bb4 4. e5 c5 5. a3 Bxc3+ 6. bxc3 Ne7 7. Qg4 cxd4 8. Qxg7 Rg8 9. Qxh7 Qc7 10. Ne2 Nbc6 11. f4 dxc3 12. Qd3 Bd7 13. Qxc3 Nf5 14. Rb1 d4 15. Qd3 0-0-0 16. Rg1 Kb8 17. g4 Nh4 18. Bd2 f6 19. exf6 e5 20. f5 Rdf8 21. Qh3 Rh8 22. Qg3 Rxf6 23. Bg5 Qa5+ 24. Kd1 Rd6 25. Nc1 Bxf5 26. Bxh4 d3 27. Bxd3 Bxd3 28. Nxd3 Qxa3 29. Bg5 Ka8 30. Rf1 Qa2 31. Rc1 Rd7 32. Bf6 Rf8 33. Qe3 Qc4 34. g5 Nb4 35. Kd2 e4 36. Rf4 Nxd3 37. Rxe4 Nxc1+ 38. Kxc1 Qf7 39. h4 Rc8 40. Qe2 Rdc7 41. c3 Qb3 42. Qc2 Qa3+ 43. Kb1 Rc6 44. Bd4 Ra6 45. Qb2 Qa4 46. Kc1 Qc4 47. Re7 Qd5 0-1

[Event "IECG CM.1999.0.00079"]
[Site "IECG email"]
[Date "1999.??.??"]
[Round "?"]
[White "Ekengren, Olle"]
[Black "Petters Merino, Oscar Augusto"]
[Result "1-0"]
[WhiteElo "2362"]
[BlackElo "2200"]
[PlyCount "79"]
[EventDate "1999.05.11"]
[EventType "tourn (corr)"]
[EventRounds "6"]
[SourceTitle "Corr 2008"]
[Source "ChessBase"]
[SourceDate "2008.06.24"]
[SourceVersion "1"]
[SourceVersionDate "2008.06.24"]
[SourceQuality "1"]

1. d4 Nf6 2. c4 e6 3. Nc3 Bb4 4. e3 0-0 5. Bd3 d5 6. Nf3 b6 7. 0-0 Bb7 8. cxd5 exd5 9. a3 Bxc3 10. bxc3 Re8 11. c4 dxc4 12. Bxc4 Bd5 13. Bd3 Nbd7 14. Bb2 Rc8 15. Ne5 Nxe5 16. dxe5 Ne4 17. Qc2 Qh4 18. Qa4 c5 19. f3 Bc6 20. Qc2 Ng5 21. f4 Ne6 22. f5 Nc7 23. e4 Bb5 24. e6 fxe6 25. f6 gxf6 26. Bxf6 Qg4 27. Rf3 Rf8 28. Raf1 Rxf6 29. Rxf6 Qg7 30. Bxb5 Nxb5 31. Qc4 Qd7 32. Qe2 Nd4 33. Qh5 Nf5 34. Qg5+ Qg7 35. Qxg7+ Nxg7 36. g4 a5 37. a4 Rd8 38. Kf2 h6 39. Ke3 Rd4 40. Rb1 1-0

[Event "IECG CM.1999.0.00079"]
[Site "IECG email"]
[Date "1999.??.??"]
[Round "?"]
[White "Ekengren, Olle"]
[Black "Rooms, Trevor J"]
[Result "1/2-1/2"]
[WhiteElo "2362"]
[BlackElo "2289"]
[PlyCount "111"]
[EventDate "1999.05.11"]
[EventType "tourn (corr)"]
[EventRounds "6"]
[SourceTitle "Corr 2008"]
[Source "ChessBase"]
[SourceDate "2008.06.24"]
[SourceVersion "1"]
[SourceVersionDate "2008.06.24"]
[SourceQuality "1"]

1. d4 d6 2. c4 Nf6 3. Nc3 g6 4. e4 Bg7 5. Nge2 0-0 6. Ng3 c6 7. Be2 a6 8. 0-0 b5 9. e5 dxe5 10. dxe5 Nfd7 11. f4 Qb6+ 12. Kh1 Rd8 13. Qc2 Nf8 14. Qe4 Bb7 15. Be3 Qc7 16. Rfd1 Rxd1+ 17. Rxd1 Nbd7 18. Bf3 b4 19. Na4 Rd8 20. c5 a5 21. Qc4 Bh6 22. Re1 Nb8 23. Be4 Ba6 24. Qc1 Bd3 25. Nb6 Bxe4 26. Nxe4 Ne6 27. g3 Nd7 28. Nc4 Qa7 29. Rd1 Qb7 30. Rd3 Ndf8 31. Rxd8 Nxd8 32. Qd1 Nfe6 33. f5 gxf5 34. Bxh6 fxe4 35. Ne3 Kh8 36. Qg4 Qb5 37. Kg2 Qd3 38. Nf5 Qf3+ 39. Qxf3 exf3+ 40. Kxf3 f6 41. exf6 exf6 42. Be3 Kg8 43. Ke4 Kf7 44. Nd6+ Kg6 45. Kd3 Kh5 46. h3 Ng5 47. Bxg5 Kxg5 48. Kc4 h5 49. Kb3 h4 50. gxh4+ Kxh4 51. Ka4 b3 52. Kxb3 Kxh3 53. Ka4 Ne6 54. b4 axb4 55. Kxb4 Kg4 56. a4 1/2-1/2